Zostavenie záverečného účtu obce za rok 2024
Po spracovaní a odovzdaní účtovnej závierky zostavenej k 31. 12. 2024 obciam nič nebráni pristúpiť k zostaveniu záverečného účtu za rok 2024. V príspevku pripomenieme obciam ich povinnosti pri zostavovaní záverečného účtu, rozoberieme jednotlivé náležitosti záverečného účtu, upozorníme na zákonné zv...
Gespeichert in:
| 1. Verfasser: | |
|---|---|
| Format: | Buchkapitel |
| Sprache: | Slowakisch |
| Schlagworte: | |
| Tags: |
Keine Tags, Fügen Sie das erste Tag hinzu!
|
MARC
| LEADER | 00000naa a2200000 4500 | ||
|---|---|---|---|
| 001 | 0308165 | ||
| 005 | 20250416082530.2 | ||
| 041 | 0 | |a slo | |
| 044 | |a SK | ||
| 245 | 1 | 0 | |a Zostavenie záverečného účtu obce za rok 2024 |c Ingrid Konečná Veverková |
| 520 | |a Po spracovaní a odovzdaní účtovnej závierky zostavenej k 31. 12. 2024 obciam nič nebráni pristúpiť k zostaveniu záverečného účtu za rok 2024. V príspevku pripomenieme obciam ich povinnosti pri zostavovaní záverečného účtu, rozoberieme jednotlivé náležitosti záverečného účtu, upozorníme na zákonné zverejnenie návrhu záverečného účtu a na ďalšie dôležité skutočnosti spojené so schvaľovaním záverečného účtu. | ||
| 610 | 2 | 0 | |a obce |
| 610 | 2 | 0 | |a účet záverečný obce |
| 610 | 2 | 0 | |a rozpočty |
| 610 | 2 | 0 | |a hospodárenie finančné |
| 610 | 2 | 0 | |a dotácie |
| 610 | 2 | 0 | |a výdavky |
| 100 | 1 | |a Konečná Veverková, Ingrid | |